| 000 | 00466pab a2200169 454500 | ||
|---|---|---|---|
| 008 | 180718b2011 xxu||||| |||| 00| 0 eng d | ||
| 100 | _aVasishta, Seema | ||
| 245 | _aOpen access movement: New prospects of scholarly communication in higher education in India | ||
| 260 | _c2011 | ||
| 300 | _ap.15-18, 30. | ||
| 362 | _a20 Jun | ||
| 650 | _aHigher education - India | ||
| 650 | _aHigher education | ||
| 773 | _aUniversity News | ||
| 908 | _aN | ||
| 909 | _a91961 | ||
| 999 |
_c91961 _d91961 |
||